banner-ar

تنمية عادة القراءة عند الاطفال / (Record no. 50213)

MARC details
000 -الفاتح
حقل البيانات ثابتة الطول 00626nam a2200217Ia 4500
008 - عناصر البيانات ثابتة الطول - معلومات عامة
حقل البيانات ثابتة الطول 140319s9999 xx 000 0 ara d
040 ## - مصدر الفهرسة
وكالة الفهرسة الأصلية GCL /
وكالة النسخ GCL
082 04 - رقم تصنيف ديوى العشرى
رقم التصنيف 372.414
رقم المادة ى ت
100 1# - المدخل الرئيسى - إسم شخصى
الإسم الشخصى يعقوب الشارونى
245 10 - بيان العنوان
العنوان تنمية عادة القراءة عند الاطفال /
بيان المسئوليه,etc يعقوب الشارونى
300 ## - الوصف المادى
التعداد 114 ص
490 ## - بيان السلسلة
عنوان السلسلة اقرأ
رقم المجلد/ التعيين التسلسلي 0
650 04 - المدخل الاضافى بالموضوع-مصطلح موضوعى
مصطلح موضوعي طرق التدريس
650 04 - المدخل الاضافى بالموضوع-مصطلح موضوعى
مصطلح موضوعي التعليم
650 04 - المدخل الاضافى بالموضوع-مصطلح موضوعى
مصطلح موضوعي الاطفال
650 04 - المدخل الاضافى بالموضوع-مصطلح موضوعى
مصطلح موضوعي قصص الاطفال
650 04 - المدخل الاضافى بالموضوع-مصطلح موضوعى
مصطلح موضوعي القراءة
650 04 - المدخل الاضافى بالموضوع-مصطلح موضوعى
مصطلح موضوعي الوسائل التعليمية
942 ## - عناصر المدخل الإضافي( كوها)
مصدر التصنيف او مخطط الترفيف Dewey Decimal Classification
Koha [default] item type كتاب
Holdings
حالة التراجع حالة الفقد حالة تلف ليس للاعارة المكان المؤقت الموقع الحالى تاريخ الاكتساب اجمالي اﻻعارات رقم الطلب الباركود تاريخ اخر مشاهدة تاريخ تفعيل السعر نوع وعاء كوها
        مكتبة القاهرة الكبرى مكتبة القاهرة الكبرى 03/26/2014   372.414\ى ت 120548 03/26/2014 03/26/2014 كتاب

Powered By

EGPV